Statistics for Shaquille O'Neal Quiz

Click here to take the quiz!

General Stats

  • This quiz has been taken 32,722 times
    (8,910 since last reset)
  • The average score is 13 of 18

Answer Stats

QuestionAnswer% Correct
Teammate who died in a helicopter crashKobe Bryant
99%
NBA team (1996–2004)Los Angeles Lakers
91%
NBA team (2004–2008)Miami Heat
84%
NBA team (1992–1996)Orlando Magic
83%
Shaq's listed height in feet and inches7'1"
81%
NBA team (2010–2011)Boston Celtics
79%
His fatal basketball weaknessFree throws
78%
Superhero he has been compared toSuperman
78%
His "NBA on TNT" co-hosts (name one)
Charles Barkley /
Kenny Smith /
Ernie Johnson
74%
NBA team (2008–2009)Phoenix Suns
71%
Shaq broke two of these during his first
season in the NBA
Backboards
70%
NBA team (2009–2010)Cleveland Cavaliers
70%
Teammate who was NBA Finals MVP in 2006Dwyane Wade
69%
Coach who he played for from 1999–2004Phil Jackson
63%
College teamLSU
51%
His first rap albumShaq {Diesel}
42%
Movie in which he played a genieKazaam
39%
One of Shaq's nicknames based
on a philosopher
The Big {Aristotle}
34%

Score Distribution

Percentile by Number Answered

Percent of People with Each Score

Your Score History

You have not taken this quiz since the last reset